Statistics for Famous Indian Americans Quiz

Click here to take the quiz!

General Stats

  • This quiz has been taken 57 times
  • The average score is 6 of 18

Answer Stats

HintAnswer% Correct
Vice presidentKamala Harris
90%
"The Satanic Verses" authorSalman Rushdie
70%
Actress from "The Office" who now
has her own project
Mindy Kaling
62%
"Come Away With Me" singer who
is Ravi Shankar's daughter
Norah Jones
44%
Actor who portrayed Kumar and
briefly worked for Obama
Kal Penn
32%
Governor of South CarolinaNikki Haley
32%
CEO of Alphabet Inc. (Google)Sundar Pichai
32%
He portrayed Tom Haverford in
"Parks and Recreation"
Aziz Ansari
30%
Governor of LouisianaBobby Jindal
28%
First woman of Indian descent
to go to space
Kalpana Chawla
28%
CEO of MicrosoftSatya Nadella
28%
Stand-up comedian whose made
a Netflix show called "Patriot Act"
Hasan Minhaj
26%
First Asian American to be
elected to the Congress
Dalip Singh
Saund
24%
Director of "The Sixth Sense"
and "Split"
M. Night
Shyamalan
24%
Former CEO of PepsiCo.Indra Nooyi
22%
"The Inheritance of Loss" authorKiran Desai
14%
1983 Physics Nobelist for whom
a space telescope is named
Subrahmanyan
Chandrasekhar
12%
Artistic gymnastics silver-medalistMohini Bhardwaj
8%

Score Distribution

Percentile by Number Answered

Percent of People with Each Score

Your Score History

You have not taken this quiz